000 00694nam a22002177a 4500
005 20240215130021.0
010 _aENG-139248
020 _a9789356062443
_c599.00
035 _aEN-122780
037 _bDBAD/PUB
082 _a530
_26
100 _aAbhay Kumar
_962135
245 _aObjective Physics NEET 2023/
_cBy Abhay Kumar
250 _a6
260 _aUttar Pradesh
_bPearson India Education Pvt Ltd
_c2022
270 _bUttar Pradesh
_a15th FLoor, Tower-B, World Trade Tower, Plot No.1, Block- C, Sector-16, Noida
_e201301
300 _avpp.
_c25cm(pb)
_bIndex
490 _vVOL 2
500 _aAs Per the Latest NTA Notification
942 _2ddc
_cEN
_h530
_mABH
_e6
999 _c200787
_d200787